| 000 | 01476 a2200229 4500 | ||
|---|---|---|---|
| 001 | 26906 | ||
| 005 | 20260407155546.0 | ||
| 008 | 260407a1972 arg spa d | ||
| 003 | AR-UNSa-BCEJYS | ||
| 040 |
_aAR-UNSa-BCEJYS _bspa _cAR-UNSa-BCEJYS |
||
| 080 |
_a347.736 _xQuiebra. Insolvencia. Suspensión de pagos. Bancarrota, procedimientos. Derecho Concursal |
||
| 245 | 1 | 0 |
_aLey 19.551 _pConcursos (comerciales y civiles) con exposicicón de motivos |
| 264 | 1 |
_aBuenos Aires : _bDepalma _c1972 |
|
| 300 |
_a164 p. _c22 cm. |
||
| 505 | _aExposición de los Motivos: Parte I: Consideracions generales - Parte II: I. De los concursos comerciales: 1. Principios generales - 2. Concurso preventivo - 3. Quiebra - 4. Concurso en caso de liquidaciíon administrativa - 5. Disposiciones generales - II: De los concursos civiles - III: Disposiciones complementarias y transitorias - Ley 19.551 CONCURSOS: Parte I: De los concursos comerciales: 1. Principios generales - 2. Concurso preventivo - 3. Quiebra - 4. Concurso en caso de liquidación administrativa - 5. Disposiciones comunes - Parte II: De los concursos civiles - Parte III: Disposiciones complementarias y transitorias. | ||
| 942 | _cBK | ||
| 590 | _aniveau_biblio:m niveau_hierar:0 | ||
| 100 | 1 | _aArgentina [Leyes, etc.] | |
| 650 | _aLey Nº 19.551 | ||
| 856 | 4 | 1 |
_uhttps://biblioeco.unsa.edu.ar/pmb/images/libros/Concursos(comerciales y civiles)-l24145.jpg _yImagen de portada _qimage/jpeg |
| 650 | _a ley nº 19 551 | ||
| 999 |
_c1515 _d1515 |
||